Formel 1: Alle Fahrer für RENAULT - Statistiken

Allgemein
  • Dieses Quiz wurde 153 mal gespielt
  • Das Durchschnittsergebnis liegt bei 17 aus 26
Antwortstatistiken
Saison Starts Fahrer % Korrekt
2003 - 2006 2008 - 2009 105 🇪🇸** Fernando Alonso
99%
2017 - 2019 62 🇩🇪 Nico Hülkenberg
96%
2019 - 2020 38 🇦🇺 Daniel Ricciardo
93%
2020 17 🇫🇷 Esteban Ocon
88%
2017 - 2018 25 🇪🇸 Carlos Sainz
85%
2010 19 🇵🇱 Robert Kubica
84%
2016 21 🇩🇰 Kevin Magnussen
81%
2004 3 🇨🇦 Jacques Villeneuve
76%
1981 - 1983 46 🇫🇷 Alain Prost
75%
2005 - 2007 53 🇮🇹 Giancarlo Fisichella
73%
2011 11 🇩🇪 Nick Heidfeld
73%
2002 - 2004 48 🇮🇹 Jarno Trulli
72%
2008 - 2009 28 🇧🇷 Nelson Piquet jr.
69%
2011 8 🇧🇷 Bruno Senna
68%
2007 17 🇫🇮 Heikki Kovalainen
68%
2002 17 🇬🇧 Jenson Button
64%
2010 - 2011 38 🏳️ Witali Petrov
64%
2016 - 2017 35 🇬🇧 Jolyon Palmer
63%
1979 - 1982 58 🇫🇷 Rene Arnoux
56%
2009 7 🇫🇷 Roman Grosjean
56%
1977 45 🇫🇷 Jean-Pierre Jabouille
36%
1984 - 1985 30 🇫🇷 Patrick Tambay
36%
1983 15 🇺🇸 Eddie Cheever
31%
1984 - 1985 31 🇬🇧 Derek Warwick
20%
1985 1 🇫🇷 Francois Hesnault
15%
1984 1 🇫🇷 Philippe Streiff
13%
Keine übereinstimmenden Quizze gefunden
Verteilung der Resultate
Anzahl Personen mit jedem Resultat
Perzentil nach korrekt beantworteten Fragen
Ihre Resultats-Entwicklung
Sie haben dieses Quiz noch nicht gespielt